00805nam a2200229Ia 4500003000900000008004100009020001800050040001600068080001900084100003400103111005300137245008300190260004200273300001400315650004100329650001800370650002800388650001400416942000700430999001500437952012300452IN-BaIIA211028s9999 xx 000 0 eng d a90-277-0400-7 cIIA Library a523.987bTAN-2 aTandberg-Hanssen, Einar95892 aSymposium on Chromospheric Fine Structure914403 0aSolar ProminencescEinar Tandberg-Hanssen  aDordrechtbD. Reidel Publishingc1974 axi, 152p. aAstronomy and Astrophysics Thesaurus aSolar Physics aSolar Prominences93374 aSun91200 cBK c8586d8586 00104070aBANbKODcGENd1986-01-08g129.00l0o523.987/ TAN-2p9455r2021-11-05v129.00w1986-01-08yBKGRs. 129.00